PROGRAMMING WITH JAVA / (Record no. 566253)

000 -LEADER
fixed length control field 00321nam a22001337a 4500
027 ## - STANDARD TECHNICAL REPORT NUMBER
Qualifying information PB.
040 ## - CATALOGING SOURCE
Transcribing agency FIZZA ISHAQ
082 ## - DEWEY DECIMAL CLASSIFICATION NUMBER
Classification number 006.76
Author Mark RAD
100 ## - MAIN ENTRY--PERSONAL NAME
Personal name S, RADHIKA.
9 (RLIN) 55398
245 ## - TITLE STATEMENT
Title PROGRAMMING WITH JAVA /
Statement of responsibility, etc. RADHIKA. S
260 ## - PUBLICATION, DISTRIBUTION, ETC.
Place of publication, distribution, etc. NEW DEHLI :
Name of publisher, distributor, etc. JOHN PUBLISHER,
Date of publication, distribution, etc. 2012.
300 ## - PHYSICAL DESCRIPTION
Extent 698 P. ;
942 ## - ADDED ENTRY ELEMENTS (KOHA)
Source of classification or shelving scheme
Koha item type Book
Holdings
Withdrawn status Lost status Source of classification or shelving scheme Damaged status Not for loan Permanent Location Current Location Date acquired Total Checkouts Full call number Barcode Date last seen Price effective from Koha item type
          NUST Baluchistan Campus (NBC) NUST Baluchistan Campus (NBC) 06/17/2021   006.76 RAD Q-1961 06/17/2021 06/17/2021 Book
© 2023 Central Library, National University of Sciences and Technology. All Rights Reserved.